Catalog

Record Details

Catalog Search



Little Brother Pumpkin Head  Cover Image Book Book

Little Brother Pumpkin Head / by Lucia Panzieri ; illustrated by Samantha Enria ; English translation by Grace Maccarone.

Panzieri, Lucia, (author.). Enria, Samantha, (illustrator.). Maccarone, Grace, (translator.).

Summary:

"A soon-to-be big brother has worries about his forthcoming sibling"-- Provided by publisher.

Record details

  • ISBN: 9780823435371
  • ISBN: 0823435377
  • Physical Description: 1 volume (unpaged) : color illustrations ; 28 cm.
  • Edition: First American edition.
  • Publisher: New York : Holiday House, 2016, ©2006.

Content descriptions

General Note:
"First published in Italy in 2006 as Fratellino Zuccavuota, and in 2014 as FRATELLINO IN ARRIVO."--Copyright page.
Subject: Infants > Juvenile fiction.
Pregnancy > Juvenile fiction.
Brothers > Juvenile fiction.
Babies > Fiction.

LDR 01630nam a2200421 i 4500
001145128
003CONS
00520180118091040.0
008150513t20162006nyua b 000 1 eng
010 . ‡a 2015011049
020 . ‡a9780823435371 ‡q(hardcover)
020 . ‡a0823435377 ‡q(hardcover)
035 . ‡a(CPomAG)LMN603220
0411 . ‡aeng ‡hita
042 . ‡alcac ‡apcc
05000. ‡aPZ7.P1952 ‡bLi 2016
08200. ‡a[E] ‡223
1001 . ‡aPanzieri, Lucia, ‡eauthor.
24010. ‡aFratellino Zuccavuota. ‡lEnglish
24510. ‡aLittle Brother Pumpkin Head / ‡cby Lucia Panzieri ; illustrated by Samantha Enria ; English translation by Grace Maccarone.
250 . ‡aFirst American edition.
264 1. ‡aNew York : ‡bHoliday House, ‡c2016, ©2006.
300 . ‡a1 volume (unpaged) : ‡bcolor illustrations ; ‡c28 cm.
336 . ‡atext ‡btxt ‡2rdacontent
336 . ‡astill image ‡bsti ‡2rdacontent
337 . ‡aunmediated ‡bn ‡2rdamedia
338 . ‡avolume ‡bnc ‡2rdacarrier
500 . ‡a"First published in Italy in 2006 as Fratellino Zuccavuota, and in 2014 as FRATELLINO IN ARRIVO."--Copyright page.
520 . ‡a"A soon-to-be big brother has worries about his forthcoming sibling"-- ‡cProvided by publisher.
650 0. ‡aInfants ‡vJuvenile fiction.
650 0. ‡aPregnancy ‡vJuvenile fiction.
650 0. ‡aBrothers ‡vJuvenile fiction.
650 1. ‡aBabies ‡vFiction.
7001 . ‡aEnria, Samantha, ‡eillustrator.
7001 . ‡aMaccarone, Grace, ‡etranslator.
914 . ‡aSCP_kt
959 . ‡i32269001038242 ‡lE Pan ‡aJuvenile - Easy ‡tEasy ‡g17.00
852 . ‡p32269001038242 ‡jE Pan ‡gJuvenile - Easy ‡cEasy ‡y17.00 ‡bSBPL
901 . ‡a145128 ‡bUnknown ‡c145128 ‡tbiblio

Additional Resources